K úzkemu chápaniu kakofónie v rumunskej laickej spoločnosti

Kakofónia v jazykovede. Všeobecné chápanie kakofónie v slovenčine a rumunčine. Kakofónia (či skôr kako-fóbia?) a rumunská spoločnosť. Snaha vyhnúť sa kakofónii.

Gespeichert in:
Bibliographische Detailangaben
1. Verfasser: Keresty, Ján, 1980-
Format: Buchkapitel
Sprache:Slowakisch
Schlagworte:
Tags: Tag hinzufügen
Keine Tags, Fügen Sie das erste Tag hinzu!

MARC

LEADER 00000nla a2200000 4500
001 0223105
005 20240502073641.7
041 0 |a slo 
044 |a SK 
245 1 0 |a K úzkemu chápaniu kakofónie v rumunskej laickej spoločnosti  |c Ján Keresty 
520 |a Kakofónia v jazykovede. Všeobecné chápanie kakofónie v slovenčine a rumunčine. Kakofónia (či skôr kako-fóbia?) a rumunská spoločnosť. Snaha vyhnúť sa kakofónii. 
610 2 0 |a jazykoveda 
610 2 0 |a jazyky cudzie 
610 2 0 |a komunikácia 
610 2 0 |a rumunčina 
610 2 0 |a slovenčina 
100 1 |a Keresty, Ján, 1980-